00486 2200169 4500001002100000005001500021035002000036007000300056008004100059082001000100084001600110100002200126245007200148260003700220300004100257600001800298INLIS00000000000072520221012122113 a0010-1022000029ta221012 b 0 ind  a398.2 a398.2 FIL k0 aFilyan and gibran1 aKisah Legenda :bmalin kundang si anak durhaka /cFilyan and gibran asurabaya :bkarya gemilang utama a128 Halaman :bIlustrasi, ;c20 x 16 4aCerita Rakyat